|
|
|
|
| LEADER |
00000nam0a2200000 4500 |
| 001 |
119483 |
| 005 |
20231031124622.0 |
| 020 |
|
|
|a RU
|b 86-9417
|
| 035 |
|
|
|a (RuTPU)RU\TPU\book\129313
|
| 090 |
|
|
|a 119483
|
| 100 |
|
|
|a 20070706d1986 km y0rusy5003 ca
|
| 101 |
0 |
|
|a rus
|
| 102 |
|
|
|a RU
|
| 105 |
|
|
|a y g 001zy
|
| 200 |
1 |
|
|a Металлографическое травление металлов и сплавов
|e справочник
|f Л. В. Баранова, Э. Л. Демина
|
| 210 |
|
|
|a Москва
|c Металлургия
|d 1986
|
| 215 |
|
|
|a 256 с.
|c ил.
|
| 320 |
|
|
|a Библиогр.: с. 248-251 (117 назв.).
|
| 320 |
|
|
|a Предм. указ.: с. 252-256.
|
| 610 |
1 |
|
|a Шлифы металлографические
|
| 610 |
1 |
|
|a справочники
|
| 610 |
1 |
|
|a травление
|
| 610 |
1 |
|
|a металлы
|
| 610 |
1 |
|
|a сплавы
|
| 610 |
1 |
|
|a неметаллические включения
|
| 610 |
1 |
|
|a сварные соединения
|
| 675 |
|
|
|a 621.794.(035.5)
|z rus
|
| 700 |
|
1 |
|a Баранова
|b Л. В.
|g Лариса Владимировна
|4 070
|
| 701 |
|
1 |
|a Демина
|b Э. Л.
|g Элеонора Леонидовна
|4 070
|
| 801 |
|
0 |
|a RU
|b RuMRKP
|c 19950704
|g psbo
|
| 801 |
|
1 |
|a RU
|b 63413507
|c 20070706
|g PSBO
|
| 801 |
|
2 |
|a RU
|b 63413507
|c 20140507
|g PSBO
|
| 942 |
|
|
|c BK
|